书目信息 |
| 题名: |
大学英语(修订本) 第4册:听力
|
|
| 作者: | 虞苏美 , 李慧琴 主编 | |
| 分册: | ||
| 出版信息: | 上海 上海外语教育出版社 1997.12 |
|
| 页数: | 132页 | |
| 开本: | 16开 | |
| 丛书名: | ||
| 单 册: | ||
| 中图分类: | H319.9 | |
| 科图分类: | ||
| 主题词: | 英语 | |
| 电子资源: | ||
| ISBN: | 7-81046-332-2 | |
| 000 | 00626nam0 2200205 45 | |
| 001 | 0011221413 | |
| 005 | 20001122145431.5 | |
| 010 | @a7-81046-332-2@d8.00元 | |
| 100 | @a20001122d1997 km y0chiy0120 ea | |
| 101 | 0 | @achi |
| 105 | @a z 000yy | |
| 200 | 1 | @a大学英语(修订本) 第4册:听力@ADa Xue Ying Yu(Xiu Ding Ben) Di 4 Ce:Ting Li@f虞苏美,李慧琴主编@FYu Su Mei,Li Hui Qin Zhu Bian |
| 210 | @a上海@c上海外语教育出版社@d1997.12 | |
| 215 | @a132页@d16开 | |
| 606 | 0 | @a英语 |
| 690 | @aH319.9@v3 | |
| 701 | 0 | @a虞苏美@4主编 |
| 701 | 0 | @a李慧琴@4主编 |
| 801 | @aCN@bPftUser@c20001122 | |
| 905 | @dH319.9@eY512:4@b500921-924@f4 | |
| 大学英语(修订本) 第4册:听力/虞苏美,李慧琴主编.-上海:上海外语教育出版社,1997.12 |
| 132页;16开 |
| ISBN 7-81046-332-2:8.00元 |
| ● |
| 相关链接 |
|
|
|
正题名:大学英语(修订本)第4册:听力
索取号:H319.9/Y512:4
 
预约/预借
| 序号 | 登录号 | 条形码 | 馆藏地/架位号 | 状态 | 备注 |
| 1 | 500921 | 205009211 | 语言库209/209语言库 111排2列5层/ [索取号:H319.9/Y512:4] | 在馆 | |
| 2 | 500922 | 205009220 | 语言库209/ [索取号:H319.9/Y512:4] | 在馆 | |
| 3 | 500923 | 205009239 | 语言库209/209语言库 111排2列5层/ [索取号:H319.9/Y512:4] | 在馆 | |
| 4 | 500924 | 205009248 | 语言库209/209语言库 111排2列5层/ [索取号:H319.9/Y512:4] | 在馆 |